| 000 | 00380cam a2200157ua 4500 | ||
|---|---|---|---|
| 003 | OSt | ||
| 005 | 20260213113936.0 | ||
| 008 | 260213b |||||||| |||| 00| 0 eng d | ||
| 041 | _aeng | ||
| 082 |
_a028.72 _bEDE/SA |
||
| 245 | 0 | 0 | _aSafety Manual / |
| 260 |
_aChennai : _bEdel Engineering Consultancy Pvt Ltd , _c2000. |
||
| 300 | _a290 ; . | ||
| 650 |
_aManual _97870 |
||
| 942 | _cBK | ||
| 999 |
_c545 _d545 |
||